00439nam a2200145Ia 4500003000400000008004100004020001500045040001600060082001500076100002000091245006000111260004700171300002100218650005400239GCL140319s9999 xx 000 0 eng d a0670870218 aGCL / cGCL04a973.3bF L1 aFLEMING, THOMAS10aLIBERTY : bTHE AMERICAN REVOLUTION / cFLEMING, THOMAS aنيويورك : bPENGUIN GROUP ، c1997 a28 CM ؛ c393 P04aUNITED STATES - HISTORY - REVOLUTION, 1775 - 1783